000 00468cam a22001578a 4500
020 _a0135935679 :
082 0 _a519.5
_bFRE
_cL-4, P-31
100 1 _aFreund, John E.
_934553
245 1 0 _aModern elementary statistics /
_cJohn E. Freund.
250 _a7th ed.
260 _aEnglewood Cliffs, N.J. :
_bPrentice-Hall,
_cc1988.
300 _axiii, 574 p. :
_bill. ;
_c25 cm.
526 _a0
_b0
_c0
_d519_500000000000000_FRE
650 0 _aStatistics.
_969
942 _2ddc
_cBK
999 _c543972
_d543972